| 000 | 00353nam a22001457a 4500 | ||
|---|---|---|---|
| 003 | SGT | ||
| 082 |
_a615.532 _bS11C |
||
| 100 | _aCCRH | ||
| 245 | _aSTUDY OF HOMOEOPATHIC MEDICINE THROUGH-CLINICAL VERIFICATION | ||
| 260 |
_aDELHI _bCCRH _c2011 |
||
| 300 | _a216 | ||
| 650 | _aHOMOEOPATHIC | ||
| 653 | _aMEDICINE CLINICAL VERIFICATION | ||
| 942 |
_2ddc _cBK |
||
| 999 |
_c18196 _d18196 |
||